书目信息 |
| 题名: |
中华人民共和国财务会计法典
|
|
| 作者: | ;法律出版社法规中心 编 | |
| 分册: | ||
| 出版信息: | 北京 法律出版社 2011.01 |
|
| 页数: | 567页 | |
| 开本: | 23cm | |
| 丛书名: | 中华人民共和国分类法典 | |
| 单 册: | ||
| 中图分类: | D922.269 | |
| 科图分类: | ||
| 主题词: | 财务管理--cai wu guan li--会计法--中国--汇编 | |
| 电子资源: | ||
| ISBN: | 978-7-5118-1435-7 | |
| 000 | 01195nam 2200313 450 | |
| 001 | B20110011392 | |
| 005 | 20110712144208.51 | |
| 010 | @a978-7-5118-1435-7@dCNY68.00 | |
| 100 | @a20110121d2011 em y0chiy50 ea | |
| 101 | 0 | @achi |
| 102 | @aCN@b110000 | |
| 105 | @ay n 000yy | |
| 106 | @ar | |
| 200 | 1 | @a中华人民共和国财务会计法典@Azhong hua ren min gong he guo cai wu kuai ji fa dian@d= Finance and accounting laws and regulations of China@e应用版@f法律出版社法规中心编@zeng |
| 205 | @a第2版 | |
| 210 | @a北京@c法律出版社@d2011.01 | |
| 215 | @a567页@d23cm | |
| 225 | 2 | @a中华人民共和国分类法典@Azhong hua ren min gong he guo fen lei fa dian |
| 314 | @a责任者取自在版编目 | |
| 330 | @a本书突出法律法规应用性特点,对中华人民共和国财务会计法进行了详细的介绍,并对重点法律附加了详细的条文注释和导读。 | |
| 333 | @a法律工作者 | |
| 410 | 0 | @12001 @a中华人民共和国分类法典 |
| 510 | 1 | @aFinance and accounting laws and regulations of China@zeng |
| 586 | @a | |
| 606 | 0 | @a财务管理@Acai wu guan li@x会计法@y中国@j汇编 |
| 690 | @aD922.269@v5 | |
| 711 | 02 | @a法律出版社法规中心@Afa lv chu ban she fa gui zhong xin@4编 |
| 801 | 0 | @aCN@c20110610 |
| 905 | @dD922.269@eF025@f2 | |
| 中华人民共和国财务会计法典= Finance and accounting laws and regulations of China:应用版/法律出版社法规中心编.-第2版.-北京:法律出版社,2011.01 |
| 567页;23cm.-(中华人民共和国分类法典) |
| 使用对象:法律工作者 |
| ISBN 978-7-5118-1435-7:CNY68.00 |
| 本书突出法律法规应用性特点,对中华人民共和国财务会计法进行了详细的介绍,并对重点法律附加了详细的条文注释和导读。 |
| ● |
| 相关链接 |
|
|
|
正题名:中华人民共和国财务会计法典
索取号:D922.269/F025
 
预约/预借
| 序号 | 登录号 | 条形码 | 馆藏地/架位号 | 状态 | 备注 |
| 1 | 882889 | 208828893 | 社科库509/509社科库 86排8列5层/ [索取号:D922.269/F025] | 在馆 | |
| 2 | 882890 | 208828900 | 社科库509/509社科库 86排8列5层/ [索取号:D922.269/F025] | 在馆 |